Detalles MARC
| 000 -CABECERA |
| campo de control de longitud fija |
01429nam a22002297a 4500 |
| 003 - IDENTIFICADOR DEL NÚMERO DE CONTROL |
| campo de control |
DO-SdBNP |
| 005 - FECHA Y HORA DE LA ÚLTIMA TRANSACCIÓN |
| campo de control |
20210906085034.0 |
| 007 - CAMPO FIJO DE DESCRIPCIÓN FÍSICA--INFORMACIÓN GENERAL |
| campo de control de longitud fija |
ta |
| 008 - DATOS DE LONGITUD FIJA--INFORMACIÓN GENERAL |
| campo de control de longitud fija |
210825e2017 dr ||||er|||| 001 m spa d |
| 020 ## - NÚMERO INTERNACIONAL ESTÁNDAR DEL LIBRO |
| Número Internacional Estándar del Libro |
9789945468762 |
| 040 ## - FUENTE DE LA CATALOGACIÓN |
| Centro catalogador/agencia de origen |
DO-SdBNP |
| Lengua de catalogación |
spa |
| Centro/agencia transcriptor |
BNPHU |
| 041 ## - CÓDIGO DE LENGUA |
| Código de lengua original |
spa |
| 082 ## - NÚMERO DE LA CLASIFICACIÓN DECIMAL DEWEY |
| Número de documento/Ítem |
B317d |
| 100 1# - ENTRADA PRINCIPAL--NOMBRE DE PERSONA |
| Nombre de persona |
Bass, Alberto |
| 9 (RLIN) |
26650 |
| Fechas asociadas al nombre |
1949- |
| 245 13 - MENCIÓN DE TÍTULO |
| Título |
Diálogo, arte y realidad / |
| Mención de responsabilidad, etc. |
Alberto Bass |
| 260 ## - PUBLICACIÓN, DISTRIBUCIÓN, ETC. |
| Lugar de publicación, distribución, etc. |
Santo Domingo : |
| Nombre del editor, distribuidor, etc. |
Alfa & Omega, |
| Fecha de publicación, distribución, etc. |
2017 |
| 300 ## - DESCRIPCIÓN FÍSICA |
| Extensión |
370 p.; |
| Dimensiones |
22 cm |
| 500 ## - NOTA GENERAL |
| Nota general |
Incluye biografía del autor en la p. 365 |
| 505 ## - NOTA DE CONTENIDO CON FORMATO |
| Nota de contenido con formato |
Presentación. |
| Título |
Diálogo con Faustino Péres.-- |
| -- |
Diálogo con Vicente Fabré.-- |
| -- |
Diálogo con Isa de Peña.-- |
| -- |
Diálogo con Charitto Chávez.-- |
| -- |
Diálogo con Nelson Calderón.-- |
| -- |
Diálogo con José Cestero.-- |
| -- |
Diálogo con Elvis Avilés.-- |
| -- |
Diálogo con Antonio Guadalupe.-- |
| -- |
Diálogo con Frank Almánzar.-- |
| -- |
Diálogo con Juan Bautista Sánchez.-- |
| -- |
Diálogo con Reynaldo Disla.-- |
| -- |
Diálogo con Jaime Lucero.-- |
| -- |
Diálogo con Gloria Rojas.-- |
| -- |
Diálogo con Ángel Tomáas González.-- |
| -- |
Diálogo con Osvaldo Salas.-- |
| -- |
Diálogo con Alberto Korda.-- |
| -- |
Diálogo con Julio Antonio Rodríguez.-- |
| -- |
Diálogo con Fradique Lizardo.-- |
| -- |
Diálogo con Humberto Soto Ricart.-- |
| -- |
Diálogo con Danilo Lasosé.-- |
| -- |
Diálogo con Eligio Pichardo.-- |
| -- |
Diálogo con Ramón Oviedo.-- |
| -- |
Diálogo con Jeannette Miller.-- |
| -- |
Diálogo con Rosa Meléndez.-- |
| 590 ## - NOTA LOCAL (RLIN) |
| Nota local |
Inventariado 2021 / MF |
| 942 ## - ELEMENTOS DE PUNTO DE ACCESO ADICIONAL (KOHA) |
| Fuente del sistema de clasificación o colocación |
Dewey Decimal Classification |
| Tipo de ítem Koha |
Libro |